Medicine at Emory 1971 / Vol. 9, No. 1 (Record no. 1893)

000 -LEADER
fixed length control field 00590nam a22001937a 4500
005 - DATE AND TIME OF LATEST TRANSACTION
control field 20210427065217.0
008 - FIXED-LENGTH DATA ELEMENTS--GENERAL INFORMATION
fixed length control field 210304s1971 ||||| |||| 00| 0 eng d
040 ## - CATALOGING SOURCE
Original cataloging agency eng
Transcribing agency DLC
041 ## - LANGUAGE CODE
Language code of text/sound track or separate title eng
082 ## - DEWEY DECIMAL CLASSIFICATION NUMBER
Classification number 61
Item number W-68
110 ## - MAIN ENTRY--CORPORATE NAME
9 (RLIN) 1234
Corporate name or jurisdiction name as entry element Emory University
245 ## - TITLE STATEMENT
Title Medicine at Emory 1971 / Vol. 9, No. 1
Statement of responsibility, etc. / by: Emory University School of Medicine
260 ## - PUBLICATION, DISTRIBUTION, ETC.
Place of publication, distribution, etc. Atlanta, Georgia
Name of publisher, distributor, etc. Emory University School of Medicine
Date of publication, distribution, etc. 1971
300 ## - PHYSICAL DESCRIPTION
Extent 37 p.
Other physical details ill,
650 #0 - SUBJECT ADDED ENTRY--TOPICAL TERM
9 (RLIN) 69
Topical term or geographic name entry element Medicine
653 ## - INDEX TERM--UNCONTROLLED
Uncontrolled term მედიცინა
700 ## - ADDED ENTRY--PERSONAL NAME
9 (RLIN) 1235
Personal name Wilhelmi, E. Alfred
Relator term Editor
942 ## - ADDED ENTRY ELEMENTS (KOHA)
Source of classification or shelving scheme
Koha item type periodicals
Holdings
Withdrawn status Lost status Source of classification or shelving scheme Damaged status Not for loan Permanent location Current location Date acquired Inventory number Total Checkouts Full call number Barcode Date last seen Price effective from Koha item type
          Ken Walker International University Ken Walker International University 03/04/2021 1621   61 W-68 1621 03/04/2021 03/04/2021 periodicals

Powered by Koha